Foundations of set theory /
Guardado en:
| Autor Principal: | |
|---|---|
| Otros Autores: | |
| Formato: | Libro |
| Idioma: | English |
| Publicado: |
Amsterdam :
North-Holland,
1958.
|
| Series: | Studies in logic and the foundations of mathematics
|
| Etiquetas: |
Agregar Etiqueta
Sin Etiquetas, Sea el primero en etiquetar este registro!
|
| LEADER | 00580nam a22001695a 4500 | ||
|---|---|---|---|
| 001 | MAT.inmabb000691 | ||
| 008 | 031118s1958####ne############001#0#eng#d | ||
| 005 | 20150717151357.0 | ||
| 245 | 1 | 0 | |a Foundations of set theory / |c Abraham A. Fraenkel and Yehoshua Bar-Hillel. |
| 260 | |a Amsterdam : |b North-Holland, |c 1958. | ||
| 300 | |a x, 415 p. ; |c cm. | ||
| 440 | 0 | |a Studies in logic and the foundations of mathematics | |
| 510 | 4 | |a MR, |c 21 #648 | |
| 100 | 1 | |a Fraenkel, Abraham Adolf, |d 1891-1965. | |
| 700 | 1 | |a Bar-Hillel, Yehoshua. | |
| 084 | |a 03Exx |2 msc2000 | ||
| 859 | |h 03 |i F799f |p A-494 |b BIB. MATEMATICA | ||
